〈Minecraft〉繁殖に必要なアイテム - Statistics

General Stats
  • This quiz has been taken 9 times
  • The average score is 17 of 22
Answer Stats
Question Answer % Correct
ウシ・ムーシュルーム 小麦
100%
ヒツジ 小麦
100%
ニワトリ 小麦の種・ウツボカズラのさや
100%
オオカミ
100%
ネコ・ヤマネコ 生鮭・生鱈
100%
パンダ
100%
ブタ ニンジン・ジャガイモ・ビートルート
88%
ウーパールーパー 熱帯魚入りバケツ
88%
キツネ スイートベリー・グロウベリー
88%
ホグリン 真紅のキノコ
88%
カエル スライムボール
88%
ミツバチ 花・開花したツツジ(の葉)・サクラの葉・マングローブの芽・胞子の花・桜色の花びら・コーラスフラワー
75%
ラクダ サボテン
75%
スニッファー トーチフラワーの種
75%
ロバ 金のニンジン
63%
ヤギ 小麦
63%
ウサギ タンポポ・(金の)ニンジン
63%
カメ 海藻
63%
アルマジロ クモの目
63%
ウマ 金のニンジン
50%
ストライダー 歪んだキノコ
50%
ラマ 干草の俵
38%
No matching quizzes found
Score Distribution
Percent of People with Each Score
Percentile by Number Answered
Your Score History
You have not taken this quiz